Propuesta de mejora de la eficiencia operacional en los proyectos del RM Center
Shranjeno v:
| Glavni avtor: | |
|---|---|
| Drugi avtorji: | |
| Format: | Knjiga |
| Izdano: |
[San José, Costa Rica]
2010
|
| Teme: | |
| Oznake: |
Označite
Brez oznak, prvi označite!
|
MARC
| LEADER | 00000nam a2200000Ia 4500 | ||
|---|---|---|---|
| 003 | 010254 | ||
| 005 | 20221231144030.0 | ||
| 008 | 140114s2011 c a 000 ||s d | ||
| 040 | |c cru CEDI | ||
| 090 | |a TFG 6307 | ||
| 100 | |a Ma Lai, Ericka |9 2707 | ||
| 245 | |a Propuesta de mejora de la eficiencia operacional en los proyectos del RM Center | ||
| 260 | |c 2010 |b [San José, Costa Rica] | ||
| 500 | |a Propuesta de mejora de la eficiencia operacional en los proyectos del RM Center | ||
| 648 | |x GRUPO RM (SAN JOSE, COSTA RICA) |x PRODUCTIVIDAD DEL TRABAJO |x MEJORAMIENTO DE PROCESOS DE TELECOMUNICACION |x ADMINISTRACION DE PROYECTOS |x PROYECTOS INDUSTRIALES |x DISEÑO |x METODOLOGIA |x SISTEMAS DE TELECOMUNICACION |x CENTRALES TELEFONICAS |x ADMINISTRACION DE PERSONAL |9 2708 | ||
| 650 | |z CENTRALES TELEFONICAS |9 414 | ||
| 700 | |a Murillo Sánchez, José Pablo |9 2709 | ||
| 942 | |c TFG | ||
| 999 | |c 15897 |d 15897 | ||
